| 000 | 00926nam a2200253Ia 4500 | ||
|---|---|---|---|
| 003 | PE SENCICO BE | ||
| 005 | 20251020182440.0 | ||
| 008 | 200515s9999 xx 000 0 und d | ||
| 020 | _a978-612-304-300-1 | ||
| 040 |
_cPE SENCICO BE _bPE SENCICO BE |
||
| 041 | _aspa | ||
| 082 |
_a526.9 _bV66 |
||
| 100 | 1 |
_aVillalba Sánchez, Néstor _93284 _eautor |
|
| 245 | 1 | 0 |
_aTopografía aplicada / _cNéstor Villalba Sánchez |
| 250 | _a1a ed. | ||
| 260 |
_aLima : _bLimusa ; _c2015 |
||
| 300 |
_a416 páginas : _bilustraciones, tablas, gráficos ; _c25 cm. |
||
| 505 | 0 | _aPrincipios básicos de la topografía -- Instrumentos de medición topográfica -- Planimetría -- Altimetría -- Aplicación en campo -- Dirección de proyecto -- Emprender -- Replanteo | |
| 650 | 1 | 0 |
_aTopografía _94 |
| 650 | 2 | 0 |
_aInstrumentos de topografía _9997 |
| 650 | 2 | 0 |
_aPlanimetría _91232 |
| 650 | 2 | 0 |
_aAltimetría _93228 |
| 942 |
_cLIB _2ddc |
||
| 999 |
_c519 _d519 |
||